书目信息 |
| 题名: |
西方心理咨询经典案例集
|
|
| 作者: | 徐光兴 主编 | |
| 分册: | ||
| 出版信息: | 上海 上海教育出版社 2003 |
|
| 页数: | 373页 | |
| 开本: | 26cm | |
| 丛书名: | ||
| 单 册: | ||
| 中图分类: | R395.6 , B84 | |
| 科图分类: | ||
| 主题词: | 心理咨询--案例--分析--西方国家 , 心理学 | |
| 电子资源: | ||
| ISBN: | 7-5320-8816-2 | |
| 000 | 00896nam0 2200253 450 | |
| 001 | 1557231395 | |
| 005 | 20150123151953.10 | |
| 010 | @a7-5320-8816-2@dCNY40.00 | |
| 100 | @a20070104e20062003em y0chiy50 ea | |
| 101 | 0 | @achi |
| 102 | @aCN@b310000 | |
| 105 | @aa z 000yy | |
| 200 | 1 | @a西方心理咨询经典案例集@9xi fang xin li zi xun jing dian an li ji@f徐光兴主编 |
| 210 | @a上海@c上海教育出版社@d2003@h2006重印 | |
| 215 | @a373页@c图@d26cm | |
| 300 | @a心理咨询师培训教材·心理案例集系列丛书 | |
| 330 | @a本书编译、入选了西方心理学大师或名家的心理咨询案例,将心理学、文学、社会学和人类行为学熔为一炉,内容精彩,文笔优美。在案例前后,配有名家简介和案例点评,便于读者参考。 | |
| 606 | 0 | @a心理咨询@x案例@x分析@x西方国家 |
| 606 | 0 | @a心理学 |
| 690 | @aR395.6@v5 | |
| 690 | @aB84@v4 | |
| 701 | 0 | @a徐光兴@9xu guang xing@4主编 |
| 801 | 0 | @aCN@bTSSF@c20150123 |
| 905 | @aZUCC@dB84@eJY410 | |
| 西方心理咨询经典案例集/徐光兴主编.-上海:上海教育出版社,2003(2006重印) |
| 373页:图;26cm |
| 心理咨询师培训教材·心理案例集系列丛书 |
| ISBN 7-5320-8816-2:CNY40.00 |
| 本书编译、入选了西方心理学大师或名家的心理咨询案例,将心理学、文学、社会学和人类行为学熔为一炉,内容精彩,文笔优美。在案例前后,配有名家简介和案例点评,便于读者参考。 |
| ● |
| 相关链接 |
|
|
|
|
正题名:西方心理咨询经典案例集
索取号:B84/JY410
 
预约/预借
| 序号 | 登录号 | 条形码 | 馆藏地/架位号 | 状态 | 备注 |
| 1 | 7840017 | 278400179 | 学院路分馆/ [索取号:B84/JY410] | 在馆 | |
| 2 | 7841866 | 278418669 | 学院路分馆/ [索取号:B84/JY410] | 在馆 |